Vláknité mikromycety (plísně), mykotoxiny a zdraví člověk

Gespeichert in:
Bibliographische Detailangaben
Format: Buch
Sprache:Tschechisch
Veröffentlicht: Brno Národní centrum ošetřovatelství a nelékařských zdravotnických oborů 2003
Ausgabe:1. vyd.
Schlagworte:
Online-Zugang:Im OPAC anzeigen
Tags: Tag hinzufügen
Keine Tags, Fügen Sie das erste Tag hinzu!

MARC

LEADER 00000nam a2200000 a 4500
005 20260127134007.0
008 060313 2003 xr 000 0 cze d
020 |a 8070133953 
035 |a vtls008630721 
039 9 |a 201606070931  |b AUTHORITY  |y 200603131154  |z mschk03 
040 |a STUSCHK1  |b slo  |c STUSCHK1  |e AACR2 
080 |a 582.28 
245 1 |a Vláknité mikromycety (plísně), mykotoxiny a zdraví člověk  |c Malíř, František, Ostrý, Vladimír a kol. 
250 |a 1. vyd. 
260 |a Brno  |b Národní centrum ošetřovatelství a nelékařských zdravotnických oborů  |c 2003 
300 |a 349 s. 
650 0 |a mikromycéty 
910 |a SCHK95 
919 |a 80-7013-395-3 
999 |c 1703  |d 1703